[Event "Alushta Rapid op"]
[Site "Alushta"]
[Date "2023.07.11"]
[Round "1"]
[White "Shevchenko, Milena"]
[Black "Triapishko, Alexandr"]
[Result "0-1"]
[WhiteElo "1136"]
[BlackElo "2506"]
[PlyCount "118"]
[EventDate "2023.07.11"]
[EventType "swiss (rapid)"]
[EventRounds "11"]
[EventCountry "UKR"]
[SourceTitle "CBM 215 Extra"]
[Source "ChessBase"]
[SourceDate "2023.09.30"]
[SourceVersion "1"]
[SourceVersionDate "2023.09.30"]
[SourceQuality "1"]

1. d4 Nf6 2. c4 e6 3. Nf3 d5 4. Nc3 dxc4 5. e3 a6 6. a4 b6 7. Bxc4 Bb7 8. 0-0 Bb4 9. Qe2 0-0 10. Rd1 Qe7 11. Bd3 c5 12. e4 cxd4 13. Nxd4 Nc6 14. Nf3 Ng4 15. e5 Bc5 16. Bxh7+ Kh8 17. Ne4 Rad8 18. Rxd8 Rxd8 19. h3 Kxh7 20. hxg4 Nd4 21. Nxd4 Rxd4 22. Nxc5 Qxc5 23. Be3 Qxe5 24. Qc2+ Qe4 25. Qxe4+ Rxe4 26. Bxb6 Rxg4 27. g3 Rb4 28. a5 Rxb2 29. Rc1 Bd5 30. Kf1 Kg6 31. Rc8 Bf3 32. Ke1 Re2+ 33. Kf1 Rd2 34. Rc1 f6 35. Ke1 Re2+ 36. Kf1 Ra2 37. Ke1 e5 38. Rc3 Re2+ 39. Kf1 e4 40. Rc1 Ra2 41. Ke1 Kf5 42. Rc5+ Kg4 43. Rc7 g5 44. Rc4 Kh3 45. Rc1 Kg2 46. Rb1 Re2+ 47. Kd1 Rxf2+ 48. Kc1 Ra2 49. Bc7 e3 50. Rb3 Ra1+ 51. Kb2 e2 52. Kxa1 e1Q+ 53. Kb2 Qd2+ 54. Ka3 Qc1+ 55. Rb2+ Kh3 56. Bb8 Bd5 57. Bc7 Qc3+ 58. Ka4 Bc6+ 59. Rb5 Bxb5# 0-1

[Event "Alushta op"]
[Site "Alushta"]
[Date "2023.07.05"]
[Round "4"]
[White "Shevchenko, Milena"]
[Black "Nosach, Roman Al"]
[Result "0-1"]
[WhiteElo "1136"]
[BlackElo "1631"]
[PlyCount "64"]
[EventDate "2023.07.02"]
[EventType "swiss"]
[EventRounds "9"]
[EventCountry "UKR"]
[SourceTitle "CBM 215 Extra"]
[Source "ChessBase"]
[SourceDate "2023.09.30"]
[SourceVersion "1"]
[SourceVersionDate "2023.09.30"]
[SourceQuality "1"]

1. d4 d5 2. Nf3 c5 3. c4 dxc4 4. d5 a6 5. a4 e6 6. e4 exd5 7. exd5 Bd6 8. Bxc4 Ne7 9. 0-0 0-0 10. Nc3 Bf5 11. Bg5 h6 12. Bh4 Qc7 13. Bd3 Bxd3 14. Qxd3 c4 15. Qe2 Nf5 16. Bg3 Nd7 17. Bxd6 Nxd6 18. Nd2 Rfe8 19. Qg4 b5 20. Qg3 Qc5 21. Nf3 b4 22. Na2 Nf6 23. Rfd1 Nde4 24. Qf4 Qxf2+ 25. Kh1 b3 26. Nc3 Qxb2 27. Nxe4 Rxe4 28. Qd6 c3 29. Qc6 Rae8 30. d6 c2 31. Rdc1 Qxa1 32. Rxa1 b2 0-1

[Event "Alushta op"]
[Site "Alushta"]
[Date "2023.07.03"]
[Round "2"]
[White "Shevchenko, Milena"]
[Black "Kireeva, Ljubov"]
[Result "1-0"]
[WhiteElo "1136"]
[BlackElo "1844"]
[PlyCount "76"]
[EventDate "2023.07.02"]
[EventType "swiss"]
[EventRounds "9"]
[EventCountry "UKR"]
[SourceTitle "CBM 215 Extra"]
[Source "ChessBase"]
[SourceDate "2023.09.30"]
[SourceVersion "1"]
[SourceVersionDate "2023.09.30"]
[SourceQuality "1"]

1. d4 Nf6 2. c4 e6 3. Nf3 c5 4. d5 d6 5. Nc3 Be7 6. g3 exd5 7. cxd5 0-0 8. Bf4 a6 9. a4 Nh5 10. Bd2 Nd7 11. Bg2 Ne5 12. Nxe5 dxe5 13. e4 f5 14. Qxh5 Bd7 15. 0-0 g6 16. Qe2 f4 17. gxf4 exf4 18. e5 Qc8 19. d6 Bh4 20. Bd5+ Be6 21. Qc4 Re8 22. Bxf4 Kg7 23. Bg3 Bg5 24. f4 Bd8 25. Rad1 Qd7 26. Bxe6 Rxe6 27. f5 gxf5 28. Rxf5 Rg6 29. Rdf1 Qe6 30. Qxe6 Rxe6 31. Rf8 c4 32. Kh1 b5 33. Bh4 Bxh4 34. Rxa8 b4 35. Nd5 Rxe5 36. Nxb4 a5 37. Nc6 Rd5 38. Ne7 Rb5 1-0